| 000 | 00661nas a2200229 4500 | ||
|---|---|---|---|
| 001 | BR8002164 | ||
| 003 | BR-BrBNA | ||
| 005 | 20231205084256.0 | ||
| 007 | ta | ||
| 008 | 230509b bl.|||p| |||| 00| 00por d | ||
| 040 |
_aBR-BrBNA _bpor _cBiblioteca Nacional de Agricultura |
||
| 041 | _a(Pt) | ||
| 072 | _aP05 | ||
| 100 | 1 | _aGentil, L.V. | |
| 245 | 1 | _aMotores agricolas: alternativas para o petroleo [Combustivel] | |
| 650 | _aRecurso energetico | ||
| 650 | _aCombustivel | ||
| 650 | _aMotor | ||
| 773 | 0 |
_tGranja (Brazil) _xISSN 0367-505X _g(Jun 1980), v. 36(389) p. 64-69 _wBR8002164 |
|
| 909 |
_a202311 _bLúcia _c55 _dLúcia Elande |
||
| 942 |
_2AGRIS _n0 _cANA |
||
| 999 |
_c104193 _d104193 |
||